Slovenské gala na Turf-gala domáce kone dosiahli najlepší výsledok za posledných desať rokov

Bibliographic Details
Main Author: Niňaj, Ivan, 1954-2015 (Author)
Format: Article
Language:Slovak
PhysicalDescription:Fotogr.
ISSN:1335-4922
Subjects:

MARC

LEADER 00000nab a2200000 ar4500
001 vtls008840440
003 SK-MaSNL
005 20260303063101.0
008 060818c2006 xo zr|p|||||||000 b|slo
015 |a SNBRB2006/08  |2 snkbucl 
038 |a SNKBUCL 
040 |a SNKBUCL  |b slo  |c SNKBUCL  |e AACR2 
041 0 |a slo 
044 |a xo  |c SK 
080 |a 798.42.093.1  |x (437.6)  |2 UDC-MRF-SK2 
100 1 |a Niňaj, Ivan,  |d 1954-2015  |4 aut  |9 175029 
245 1 0 |a Slovenské gala na Turf-gala  |b domáce kone dosiahli najlepší výsledok za posledných desať rokov  |c Ivan Niňaj 
300 |b Fotogr. 
611 2 7 |a Turf gala  |n (28. :  |d 2006 :  |c Bratislava, Slovensko)  |2 snkbucl  |9 1059763 
650 0 7 |a jazdectvo  |2 snkbucl  |9 3225 
650 0 7 |a konské dostihy  |2 snkbucl  |9 3226 
773 0 |t Jazdectvo a dostihy  |g Roč. XI, č. 3 (2006), s. 36-39  |x 1335-4922 
852 |a SNK  |b KIS3GCP 
999 |c 1741675  |d 1743605